000 00709nam a2200205Ia 4500
005 20241129111340.0
008 241129s9999||||xx |||||||||||||| ||und||
037 _aTB
040 _aCRL
_bpun
_cCRL
041 _apun
_2pun
084 _aO153,1NKA10x R4
_qCRL
100 _aਕੰਬੋਜ, ਸੁਖਿੰਦਰ, ਚ।
245 0 _aਜੰਗ, ਜਸ਼ਨ ਤੇ ਜੁਗੱ
_cਕੰਬੋਜ, ਸੁਖਿੰਦਰ, ਚ।
260 _aਲੁਧਿਆਨਾ, ਭਾਰਤ
_bਚੇਤਨਾ ਪ੍ਰਕਾਸ਼ਨ
_c2024
300 _a119ਪ੍ਰ0
365 _aINR
_b250
650 _aPunjabi LiteraturePoetry
_9726276
942 _cTB
_hO153,1NKA10x R4
999 _c1230050
_d1230050